| 000 | 00873nas a2200253 a 4500 | ||
|---|---|---|---|
| 001 | 000038136 | ||
| 003 | DLC | ||
| 005 | 20250621074008.0 | ||
| 008 | 130315c20099999dr fr1pdd 0 0spa d | ||
| 040 |
_aDO-SdBNP _bspa _cBNPHU _erda |
||
| 043 | _anwdr | ||
| 245 | 0 | 0 |
_aVoces / _cConsejo Nacional de Reforma del Estado. |
| 246 | 2 | 5 | _aRevista voces |
| 260 |
_aSanto Domingo, República Dominicana : _bCONARE, _c2009-. |
||
| 300 |
_av. : _bil. ; _c23 cm. |
||
| 310 | _aSemestral | ||
| 362 | 1 | _aInicia con: No. 1 (2009) | |
| 500 | _aDescripción basada en: No. 1 (2009) | ||
| 650 | 4 |
_aReforma del estado _zRepública Dominicana _99500 |
|
| 650 | 4 |
_aPublicaciones periódicas _zRepública Dominicana _964501 |
|
| 651 | 0 |
_aRepública Dominicana _xPolítica y gobierno _945 |
|
| 710 | 1 |
_aRepública Dominicana. Consejo Nacional de Reforma del Estado _964396 |
|
| 942 |
_2ddc _cISSUE |
||
| 999 |
_c37626 _d37626 |
||